الزئبق الأحمر : (رقم التسجيلة. 95409)

تفاصيل مارك
000 -الفاتح
عناصر البيانات ثابتة الطول 00944cam a2200229 i 4500
005 - تاريخ ووقت آخر معاملة
حقل ضبط 20260402095202.0
008 - عناصر البيانات ثابتة الطول
عناصر البيانات ثابتة الطول 250721s2003 le gr 000 0 ara d
020 ## - الترقيم الدولي المعياري للكتب (ردمك)
الترقيم الدولي المعياري للكتب (ردمك) 9953140324
082 14 - رقم تصنيف ديوي العشري
رقم التصنيف 364.13
رقم المادة ف و د
100 1# - مدخل رئيسي – اسم شخصي
الاسم الشخصي فوده، يسرى
علاقة الشخص بالعمل/ دوره مؤلف.
245 12 - بيان العنوان
العنوان الزئبق الأحمر :
بقية العنوان البحث عن قنبلة الرجل الفقير في مادة الزئبق الأحمر /
بيان المسؤولية يسري فوده.
250 ## - بيان الطبعة
بيان الطبعة الطبعة الأولى.
264 31 - بيانات النشر، التوزيع…إلخ
مكان النشر، التوزيع...إلخ بيروت :
اسم الناشر، الموزع...إلخ الشركة العالمية للكتاب،
تاريخ النشر، التوزيع...إلخ 2003.
300 ## - الوصف المادي
عدد الوحدات المكونة للوعاء 152 صفحة.
500 ## - ملاحظات عامة
ملاحظات عامة أن هذه إحدى حلقات البرنامج التلفزيوني في قناة الجزيرة : برنامج سري للغاية
650 17 - مدخل إضافي بالموضوع - مصطلح موضوعي
مصطلح موضوعي أو اسم جغرافي كعنصر مدخل المخابرات الإسرائيلية.
650 17 - مدخل إضافي بالموضوع - مصطلح موضوعي
مصطلح موضوعي أو اسم جغرافي كعنصر مدخل الموساد.
650 17 - مدخل إضافي بالموضوع - مصطلح موضوعي
مصطلح موضوعي أو اسم جغرافي كعنصر مدخل الاغتيالات.
650 17 - مدخل إضافي بالموضوع - مصطلح موضوعي
مصطلح موضوعي أو اسم جغرافي كعنصر مدخل الجرائم.
942 ## - بيانات إضافية (كوها)
نوع التنصيف Dewey Decimal Classification
نوع المادة (كوها) كتب
المقتنيات
حالة السحب حالة الفقدان مصدر التصنيف حالة التلف غير قابل للإعارة المكتبة الرئيسية المكتبة الحالية موقع الرف تاريخ التزويد رقم المخزون Total Checkouts رقم الإستدعاء الباركود تاريخ آخر ظهور تاريخ الفاتورة نوع المادة (كوها) العملة
    Dewey Decimal Classification     المكتبة المركزية المكتبة المركزية الإعارة 28/07/2025 1004365   364.13 / ف و د 1004365 28/07/2025 28/07/2025 كتب  
    Dewey Decimal Classification     المكتبة المركزية المكتبة المركزية الإعارة 02/04/2026 860350   364.13 / ف و د PLD00234706 02/04/2026 02/04/2026 كتب JOD
    Dewey Decimal Classification     مكتبة الأميرة ايمان العامة مكتبة الأميرة ايمان العامة الإعارة 28/07/2025 1137501   364.13/ فود 1137501 28/07/2025 28/07/2025 كتب  
Implemented & Customized by: BBB with SCIT (Smart Chains for Information Technology)

Powered by Koha